Catálogo
 En Linea
Vista normal Vista MARC

Entrada Nombre personal

Número de registros utilizados en: 5

001 - NÚMERO DE CONTROL

  • campo de control: 31957

003 - IDENTIFICADOR DEL NÚMERO DE CONTROL

  • campo de control: BNPHU

005 - FECHA Y HORA DE LA ÚLTIMA TRANSACCIÓN

  • campo de control: 20250128123754.0

008 - DATOS DE LONGITUD FIJA

  • campo de control de longitud fija: 200615|| aca||aabn | a|a d

040 ## - FUENTE DE LA CATALOGACIÓN

  • Centro catalogador/agencia de origen: DO-SdBN
  • Lengua de catalogación: spa
  • Centro/agencia transcriptor: BNPHU
  • Normas de descripción: rda

100 1# - ENCABEZAMIENTO-NOMBRE DE PERSONA

  • Nombre de persona: Mota García, Fausto,
  • Fechas asociadas al nombre: 1955-

370 ## - LUGAR ASOCIADO

  • Lugar de nacimiento: La Vega, (República Dominicana)

372 ## - CAMPO DE ACTIVIDAD

  • Campo de actividad: Educador
  • Campo de actividad: Escritor
  • Campo de actividad: Político
  • Campo de actividad: Articulista

374 ## - OCUPACIÓN

  • Ocupación: Profesor de varias Universidades dominicanas
  • Ocupación: Fue director Regional de Educación en la Regional 06 de La Vega (1996-2000)
  • Ocupación: Regidor honorable Ayuntamiento de la Vega, ocupando el cargo de Vice-presidente, en el periodo 1990-1994.
  • Ocupación: Actualmente es Subsecretario de Estado de la Secretaria de Educación para el período 2004-2008.
  • Ocupación: Recibió el galardon "El Tamarindo de Oro", por sus altos méritos al contribuir con el avance y desarrollo de La Vega, entregado por el Instituto Vegano de Cultura.

375 ## - GÉNERO/SEXO

  • Género/Sexo: Masculino

377 ## - LENGUA/LENGUAJE ASOCIADO

  • Código del idioma: es
  • Término de lengua/lenguaje: Español

400 1# - TRAZADO DE VÉASE--NOMBRE DE PERSONA

  • Nombre de persona: García, Fausto Mota
  • Fechas asociadas al nombre: 1955-

670 ## - FUENTE DE DATOS ENCONTRADOS

  • Cita de la fuente: Work cat.: (OSt)13726: Estrella Guzmán, Hugo, 1942- 31953, Cien maestros veganos /, 2009.

670 ## - FUENTE DE DATOS ENCONTRADOS

  • Cita de la fuente: Mota García, Fausto. Inabima : un modelo de gestión. Santo Domingo.

Con tecnología Koha